Pays qui ont accueillis un Grand Prix de Formule 1 - Statistiques

Statistiques générales
  • Ce quiz a été pris 50 fois
    32 depuis la dernière actualisation
  • Le résultat moyen est 21 sur 35
Réponses sur la Carte
Les réponses sont colorées sur une échelle allant du rouge au vert en fonction du pourcentage des utilisateurs qui les ont devinées à leur premier essai. Vous pouvez retrouver ces pourcentages ci-dessous.
 
Statistiques - réponses
Réponse % Correct
Afrique du Sud
80%
Italie
80%
Allemagne
76%
Espagne
76%
États-Unis
76%
France
76%
Portugal
76%
Argentine
72%
Belgique
72%
Mexique
72%
Pays-Bas
72%
Royaume-Uni
72%
Suisse
72%
Australie
68%
Brésil
68%
Canada
68%
Suède
68%
Autriche
64%
Maroc
64%
Chine
60%
Japon
60%
Luxembourg
60%
Hongrie
56%
Russie
56%
Corée du Sud
52%
Inde
52%
Malaisie
48%
Turquie
48%
Arabie Saoudite
40%
Azerbaïdjan
40%
Emirats arabes unis
40%
Monaco
32%
Singapour
32%
Qatar
28%
Bahreïn
20%
Aucun quiz correspondant
Distribution des résultats
% des personnes avec chaque résultat
Percentile par nombre de réponses
Votre historique - résultats
Vous n’avez pas pris ce quiz depuis la dernière actualisation